[Event "Zuerich m rap"]
[Site "Zuerich"]
[Date "2015.02.16"]
[Round "3"]
[White "Uhlmann, Wolfgang"]
[Black "Kortschnoj, Viktor Lvovich"]
[Result "0-1"]
[WhiteElo "2326"]
[BlackElo "2499"]
[PlyCount "88"]
[EventDate "2015.02.15"]
[EventType "match (rapid)"]
[EventRounds "4"]
[EventCountry "SUI"]
[SourceTitle "CBM 164 Extra"]
[Source "ChessBase"]
[SourceDate "2015.03.02"]
[SourceVersion "1"]
[SourceVersionDate "2015.03.02"]
[SourceQuality "1"]

1. c4 e5 2. Nc3 Nf6 3. Nf3 Nc6 4. g3 d5 5. cxd5 Nxd5 6. Bg2 Nde7 7. 0-0 g6 8. b4 a6 9. Rb1 Bg7 10. a4 0-0 11. d3 Nd4 12. Nd2 c6 13. e3 Ne6 14. Qe2 Nd5 15. Nxd5 cxd5 16. f4 exf4 17. gxf4 Re8 18. Nb3 Qd6 19. Qf3 Qxb4 20. f5 gxf5 21. Qxf5 Nd8 22. Qxd5 Qxa4 23. Nc5 Qc2 24. Rb6 Be6 25. Qh5 Bg4 26. Qg5 Re5 27. Qxg4 Qxc5 28. Rb4 Rg5 29. Qf4 Rg6 30. Re4 Qb5 31. Ba3 Rf6 32. Qh4 Rxf1+ 33. Bxf1 Ne6 34. d4 Qb1 35. Rg4 Kh8 36. d5 Nf8 37. Be7 Ng6 38. Rxg6 Qxg6+ 39. Bg2 Rc8 40. Qh3 Rc1+ 41. Kf2 Qc2+ 42. Kf3 Qd1+ 43. Kf4 Rc4+ 44. e4 Qxd5 0-1

[Event "Bundesliga 1415"]
[Site "Germany"]
[Date "2014.12.07"]
[Round "6.8"]
[White "Georgiadis, Nico"]
[Black "Uhlmann, Wolfgang"]
[Result "1-0"]
[WhiteElo "2465"]
[BlackElo "2322"]
[PlyCount "63"]
[EventDate "2014.10.18"]
[EventType "team-tourn"]
[EventRounds "15"]
[EventCountry "GER"]
[SourceTitle "CBM 164"]
[Source "ChessBase"]
[SourceDate "2015.01.15"]
[SourceVersion "1"]
[SourceVersionDate "2015.01.15"]
[SourceQuality "1"]
[WhiteTeam "Solingen"]
[BlackTeam "Dresden TU"]
[WhiteTeamCountry "GER"]
[BlackTeamCountry "GER"]

1. e4 e6 2. d4 d5 3. Nc3 Bb4 4. exd5 exd5 5. Bd3 Ne7 6. Qf3 Be6 7. Nge2 Qd7 8. 0-0 Nbc6 9. a3 Bxc3 10. bxc3 Bf5 11. Ng3 Bxd3 12. cxd3 0-0 13. Ra2 Rfe8 14. Re2 Ng6 15. Rfe1 Rxe2 16. Qxe2 Qe7 17. Qd1 Qd7 18. Qe2 f6 19. Nh5 Kf7 20. h3 Qe7 21. Qd1 Qd6 22. Qg4 Rd8 23. f4 Rg8 24. f5 Nf8 25. Nf4 Nd8 26. Qe2 Qd7 27. Nxd5 Nc6 28. Nxc7 g6 29. Ne6 Qd5 30. Nc7 Qxf5 31. Bh6 Qd7 32. Qa2+ 1-0

[Event "Leipzig m"]
[Site "Leipzig"]
[Date "2014.03.28"]
[Round "1"]
[White "Kortschnoj, Viktor Lvovich"]
[Black "Uhlmann, Wolfgang"]
[Result "1-0"]
[WhiteElo "2499"]
[BlackElo "2322"]
[PlyCount "110"]
[EventDate "2014.03.28"]
[EventType "match (rapid)"]
[EventRounds "2"]
[EventCountry "GER"]
[SourceTitle "CBM 159 Extra"]
[Source "ChessBase"]
[SourceDate "2014.04.24"]
[SourceVersion "1"]
[SourceVersionDate "2014.04.24"]
[SourceQuality "1"]

1. d4 Nf6 2. c4 g6 3. Nc3 Bg7 4. e4 d6 5. Nf3 0-0 6. Be2 e5 7. Bg5 Nbd7 8. Qc1 c6 9. d5 cxd5 10. cxd5 a6 11. a4 Nc5 12. Nd2 h6 13. Be3 Ne8 14. a5 f5 15. b4 Nd7 16. f3 fxe4 17. Ndxe4 Ndf6 18. 0-0 Nxe4 19. Nxe4 Kh7 20. Ra3 Bd7 21. Rc3 Rc8 22. Rxc8 Qxc8 23. Qb1 Bf5 24. Rc1 Qd7 25. b5 Nc7 26. bxa6 Nxd5 27. axb7 Rb8 28. a6 Nxe3 29. a7 Rxb7 30. a8Q Rxb1 31. Rxb1 Bxe4 32. fxe4 Qc7 33. Qa3 Nc2 34. Qc1 Qa7+ 35. Kh1 Nd4 36. Bc4 g5 37. Bd5 Ne2 38. Qf1 Nf4 39. Rb7 Qe3 40. g3 Qe2 41. Qxe2 Nxe2 42. Rd7 h5 43. Rxd6 h4 44. Kg2 hxg3 45. hxg3 Nc3 46. Be6 Bf6 47. Bf5+ Kg7 48. Kh3 Nb5 49. Rd7+ Kf8 50. Kg4 Nd4 51. Kh5 Ke8 52. Rb7 Ne2 53. Kg6 Be7 54. Bd7+ Kd8 55. Bb5 Bc5 1-0

[Event "Snowdrops-Old Hands"]
[Site "Podebrady"]
[Date "2013.12.03"]
[Round "4.3"]
[White "Uhlmann, Wolfgang"]
[Black "Ziaziulkina, Nastassia"]
[Result "0-1"]
[WhiteElo "2334"]
[BlackElo "2350"]
[PlyCount "198"]
[EventDate "2013.11.30"]
[EventType "schev"]
[EventRounds "8"]
[EventCountry "CZE"]
[SourceTitle "CBM 157 Extra"]
[Source "ChessBase"]
[SourceDate "2013.12.19"]
[SourceVersion "1"]
[SourceVersionDate "2013.12.19"]
[SourceQuality "1"]
[WhiteTeam "Old Hands"]
[BlackTeam "Snowdrops"]
[WhiteTeamCountry "CZE"]
[BlackTeamCountry "CZE"]

1. c4 c6 2. d4 d5 3. Nf3 Nf6 4. Nc3 e6 5. e3 Nbd7 6. Qc2 Bd6 7. Be2 0-0 8. 0-0 dxc4 9. Bxc4 a6 10. Rd1 Qc7 11. h3 b5 12. Bd3 c5 13. dxc5 Qxc5 14. Ne4 Qxc2 15. Bxc2 Be7 16. Nd6 Nc5 17. Ne5 Bxd6 18. Rxd6 Bb7 19. f3 Rfd8 20. Rxd8+ Rxd8 21. e4 Nfd7 22. Nxd7 Nxd7 23. Be3 Ne5 24. b3 f6 25. Kf1 Kf7 26. Ke2 Rc8 27. Rc1 Nc6 28. Rd1 Nd4+ 29. Rxd4 Rxc2+ 30. Kd3 Rc7 31. Rd8 Ke7 32. Rh8 h6 33. b4 e5 34. h4 Bc6 35. Bc5+ Kf7 36. h5 Bb7 37. Rd8 Bc6 38. Ke3 Ke6 39. g3 Bd7 40. Rg8 Bc6 41. Rb8 f5 42. exf5+ Kxf5 43. Rb6 Ke6 44. Rxa6 Kd5 45. Ra3 Kc4 46. Ke2 e4 47. fxe4 Bxe4 48. Ke3 Bc2 49. Kd2 Bb1 50. Ra6 Bf5 51. Ke3 Bg4 52. Bd6 Rf7 53. Ke4 Bf3+ 54. Ke5 Bxh5 55. Rc6+ Kd3 56. Rb6 Bg4 57. Kd5 Bf3+ 58. Ke6 Rf6+ 59. Ke7 Kc4 60. Rb8 Bg4 61. Rd8 h5 62. Bc5 Rf3 63. Bd6 g5 64. Rg8 Re3+ 65. Kd8 Rd3 66. Kc7 Rd5 67. Rg7 Bf3 68. Rf7 g4 69. Bc5 Rd2 70. Rf4+ Kc3 71. Kb6 Be2 72. a3 Kb3 73. Rf5 Kxa3 74. Rxh5 Ka4 75. Re5 Rc2 76. Re3 Bf3 77. Re1 Ra2 78. Re7 Be2 79. Re3 Rb2 80. Rc3 Rb3 81. Rc1 Rxg3 82. Rc2 Bc4 83. Rc1 Rh3 84. Rg1 Rh6+ 85. Kc7 Rg6 86. Rg3 Be2 87. Re3 Bf1 88. Bd6 Bc4 89. Rg3 Be2 90. Re3 Bf3 91. Bc5 Bh1 92. Re1 Bd5 93. Rd1 Bc4 94. Rd6 Rg8 95. Rd8 Rg5 96. Rd1 g3 97. Kd6 g2 98. Rg1 Bf1 99. Kc6 Rg4 0-1

[Event "BL2-Ost 1314"]
[Site "Germany"]
[Date "2013.11.10"]
[Round "3.3"]
[White "Braeuer, Franz"]
[Black "Uhlmann, Wolfgang"]
[Result "1/2-1/2"]
[WhiteElo "2297"]
[BlackElo "2338"]
[PlyCount "44"]
[EventDate "2013.10.12"]
[EventType "team-tourn"]
[EventRounds "10"]
[EventCountry "GER"]
[SourceTitle "EXT 2015"]
[Source "ChessBase"]
[SourceDate "2014.11.20"]
[SourceVersion "1"]
[SourceVersionDate "2014.11.20"]
[SourceQuality "1"]
[WhiteTeam "Erfurt"]
[BlackTeam "Dresden USV"]
[WhiteTeamCountry "GER"]
[BlackTeamCountry "GER"]

1. Nf3 Nf6 2. c4 g6 3. Nc3 c5 4. d4 cxd4 5. Nxd4 Nc6 6. e4 d6 7. Be2 Bg7 8. Be3 Bd7 9. Qd2 a6 10. 0-0 0-0 11. f3 Rb8 12. Nb3 Be6 13. Rac1 Ne5 14. Nd5 b6 15. Rfd1 Re8 16. Bf1 Nc6 17. Nd4 Bd7 18. Nxc6 Bxc6 19. Bg5 Nxd5 20. cxd5 Bb7 21. Be3 b5 22. Rc2 Qd7 1/2-1/2

[Event "Dresden sim"]
[Site "Dresden"]
[Date "2013.08.16"]
[Round "?"]
[White "Bastian, Herbert"]
[Black "Uhlmann, Wolfgang"]
[Result "1-0"]
[WhiteElo "2339"]
[BlackElo "2340"]
[PlyCount "61"]
[EventDate "2013.08.16"]
[EventType "game (blitz)"]
[EventCountry "GER"]
[SourceTitle "EXT 2017"]
[Source "ChessBase"]
[SourceDate "2016.10.25"]
[SourceVersion "1"]
[SourceVersionDate "2016.10.25"]
[SourceQuality "1"]

1. e4 e6 2. d4 d5 3. e5 c5 4. c3 Nc6 5. Nf3 Qb6 6. a3 c4 7. g3 f6 8. exf6 Nxf6 9. Bg2 Bd6 10. Qe2 0-0 11. 0-0 Bd7 12. Ne5 Rae8 13. Nd2 Re7 14. Ndf3 Be8 15. h3 Na5 16. Rb1 Nb3 17. Bg5 h6 18. Be3 Ne4 19. Rbd1 Bh5 20. g4 Be8 21. Nh4 Bxe5 22. dxe5 Nec5 23. Bd4 Qc7 24. f4 Nd3 25. f5 Nbc5 26. fxe6 Rxf1+ 27. Rxf1 Qc6 28. Nf5 Rxe6 29. Ne3 Ne4 30. Nxd5 Ng3 31. Qd1 1-0

[Event "EU-chT Seniors 15th"]
[Site "Dresden"]
[Date "2013.07.27"]
[Round "8"]
[White "Uhlmann, Wolfgang"]
[Black "Faibisovich, Vadim Z"]
[Result "1/2-1/2"]
[WhiteElo "2340"]
[BlackElo "2348"]
[PlyCount "106"]
[EventDate "2013.07.20"]
[EventType "team-swiss"]
[EventRounds "9"]
[EventCountry "GER"]
[SourceTitle "CBM 155 Extra"]
[Source "ChessBase"]
[SourceDate "2013.08.26"]
[SourceVersion "1"]
[SourceVersionDate "2013.08.26"]
[SourceQuality "1"]
[WhiteTeam "Germany"]
[BlackTeam "St Petersburg"]
[WhiteTeamCountry "GER"]
[BlackTeamCountry "RUS"]

1. c4 e5 2. Nc3 Nf6 3. Nf3 Nc6 4. g3 d5 5. cxd5 Nxd5 6. Bg2 Nb6 7. d3 Be7 8. 0-0 0-0 9. Be3 Be6 10. a3 Qd7 11. Ne4 Bh3 12. Bxh3 Qxh3 13. Bc5 Qe6 14. Bxe7 Qxe7 15. Rc1 Rac8 16. Nc5 Nd8 17. a4 c6 18. a5 Na8 19. e4 Nc7 20. d4 exd4 21. Nxd4 g6 22. Qg4 Nce6 23. Nf5 Qc7 24. Nh6+ Kg7 25. Qh4 Nxc5 26. Rxc5 Ne6 27. Ng4 f6 28. Qh6+ Kg8 29. Rc3 Qxa5 30. h4 Qh5 31. Qxh5 gxh5 32. Nh6+ Kh8 33. Nf5 Rcd8 34. Ra1 a6 35. Ra5 Nd4 36. Nxd4 Rxd4 37. Rxh5 Rxe4 38. Rd3 Rf7 39. Rf5 Kg7 40. h5 Rb4 41. b3 Rb5 42. Rxb5 axb5 43. g4 Re7 44. Kg2 Kf7 45. f4 Ke6 46. Kf3 Rd7 47. Re3+ Kf7 48. g5 c5 49. Rc3 b6 50. Ke4 b4 51. Rg3 Rd4+ 52. Kf5 Rd5+ 53. Ke4 Rd4+ 1/2-1/2

[Event "GER-ch Seniors"]
[Site "Dresden"]
[Date "2012.08.16"]
[Round "8"]
[White "Beltz, Robert"]
[Black "Uhlmann, Wolfgang"]
[Result "1-0"]
[WhiteElo "2026"]
[BlackElo "2339"]
[PlyCount "73"]
[EventDate "2012.08.09"]
[EventType "swiss"]
[EventRounds "9"]
[EventCountry "GER"]
[SourceTitle "EXT 2014"]
[Source "ChessBase"]
[SourceDate "2013.11.20"]
[SourceVersion "1"]
[SourceVersionDate "2013.11.20"]
[SourceQuality "1"]

1. Nf3 Nf6 2. c4 c5 3. Nc3 Nc6 4. d4 cxd4 5. Nxd4 g6 6. e4 Bg7 7. Be3 Qa5 8. f3 d6 9. Be2 Bd7 10. 0-0 0-0 11. a3 Rfc8 12. b4 Qd8 13. Rc1 a5 14. Nxc6 Bxc6 15. b5 Be8 16. e5 dxe5 17. Qb3 b6 18. Rfd1 Qc7 19. Na4 Rab8 20. c5 bxc5 21. Nxc5 a4 22. Nxa4 Qa5 23. Rxc8 Rxc8 24. Nc5 e6 25. Nb7 Qc3 26. Qxc3 Rxc3 27. Bc5 Nd5 28. a4 Rc2 29. Bf1 Bh6 30. Bf2 Ne3 31. Rb1 e4 32. fxe4 Ng4 33. Bb6 Bf4 34. h3 Nf6 35. a5 Nxe4 36. Bd3 Ra2 37. Bf1 1-0

[Event "GER-ch Seniors"]
[Site "Dresden"]
[Date "2012.08.09"]
[Round "1"]
[White "Uhlmann, Wolfgang"]
[Black "Schirmer, Werner"]
[Result "1-0"]
[WhiteElo "2339"]
[BlackElo "2016"]
[PlyCount "85"]
[EventDate "2012.08.09"]
[EventType "swiss"]
[EventRounds "9"]
[EventCountry "GER"]
[SourceTitle "EXT 2014"]
[Source "ChessBase"]
[SourceDate "2013.11.20"]
[SourceVersion "1"]
[SourceVersionDate "2013.11.20"]
[SourceQuality "1"]

1. c4 Nf6 2. Nc3 g6 3. e4 c5 4. e5 Ng8 5. d4 cxd4 6. Qxd4 Bg7 7. Qe4 Nc6 8. Nf3 d6 9. exd6 Nf6 10. dxe7 Nxe7 11. Qf4 0-0 12. Be2 Re8 13. 0-0 Nh5 14. Qd2 Bd7 15. Rd1 Bc6 16. Qc2 Qc7 17. Nd4 Nf4 18. Bf1 Rad8 19. Nxc6 bxc6 20. Bxf4 Qxf4 21. g3 Qf5 22. Bd3 Qg4 23. Re1 Nf5 24. Bxf5 gxf5 25. Ne2 Bh6 26. f4 Bf8 27. Kg2 Re3 28. Ng1 Bc5 29. Rxe3 Bxe3 30. Nf3 Bxf4 31. Rd1 Bc7 32. Rxd8+ Bxd8 33. Ne5 Qg5 34. Nxc6 Bf6 35. Nb4 f4 36. Nd5 Be5 37. Qf5 f3+ 38. Qxf3 Qd2+ 39. Qf2 Qd3 40. b3 Bd4 41. Qf3 Qc2+ 42. Kh3 Qb1 43. Ne7+ 1-0

[Event "Bad Wiessee Seniors op"]
[Site "Bad Wiessee"]
[Date "2012.04.27"]
[Round "7"]
[White "Uhlmann, Wolfgang"]
[Black "Pasedag, Peter"]
[Result "1-0"]
[WhiteElo "2253"]
[BlackElo "2097"]
[PlyCount "63"]
[EventDate "2012.04.21"]
[EventType "swiss"]
[EventRounds "9"]
[EventCountry "GER"]
[SourceTitle "EXT 2015"]
[Source "ChessBase"]
[SourceDate "2014.11.20"]
[SourceVersion "1"]
[SourceVersionDate "2014.11.20"]
[SourceQuality "1"]

1. c4 c5 2. Nf3 Nc6 3. Nc3 e5 4. g3 g6 5. Bg2 Bg7 6. 0-0 Nge7 7. a3 0-0 8. Rb1 a5 9. d3 d6 10. Ne1 Be6 11. Nc2 d5 12. cxd5 Nxd5 13. Ne4 b6 14. Ng5 Bc8 15. Ne3 Nde7 16. Nc4 Rb8 17. Ne4 f5 18. Ned6 Be6 19. a4 Bd5 20. f4 Bxg2 21. Kxg2 Qd7 22. Qb3 Qe6 23. Nxa5 Nd5 24. e4 Nxa5 25. Qxd5 Qxd5 26. exd5 Rbd8 27. fxe5 Bxe5 28. Nc4 Bc7 29. Bh6 Rfe8 30. Rfe1 Rxe1 31. Rxe1 Rxd5 32. Re7 1-0

[Event "Bad Wiessee Seniors op"]
[Site "Bad Wiessee"]
[Date "2012.04.21"]
[Round "1"]
[White "Uhlmann, Wolfgang"]
[Black "Niedermaier, Peter"]
[Result "1-0"]
[WhiteElo "2253"]
[BlackElo "1685"]
[PlyCount "59"]
[EventDate "2012.04.21"]
[EventType "swiss"]
[EventRounds "9"]
[EventCountry "GER"]
[SourceTitle "EXT 2015"]
[Source "ChessBase"]
[SourceDate "2014.11.20"]
[SourceVersion "1"]
[SourceVersionDate "2014.11.20"]
[SourceQuality "1"]

1. c4 Nf6 2. Nc3 c5 3. Nf3 Nc6 4. g3 g6 5. Bg2 Bg7 6. d4 cxd4 7. Nxd4 0-0 8. 0-0 a6 9. c5 Nxd4 10. Qxd4 Nh5 11. Qd3 Rb8 12. Be3 d6 13. cxd6 Qxd6 14. Qxd6 exd6 15. Rfd1 Rd8 16. Bb6 Rd7 17. Rd2 Re7 18. Nd5 Re5 19. Bc7 Rxd5 20. Bxd5 Ra8 21. Bxd6 Be6 22. Bxb7 Ra7 23. Bc5 Rxb7 24. Rd8+ Bf8 25. Bxf8 f5 26. Rc1 Kf7 27. b3 Nf6 28. Rc6 a5 29. Ba3 a4 30. Rf8+ 1-0

[Event "EU-chT Seniors"]
[Site "Rogaska Slatina"]
[Date "2012.04.03"]
[Round "8.1"]
[White "Vasiukov, Evgeni"]
[Black "Uhlmann, Wolfgang"]
[Result "1/2-1/2"]
[WhiteElo "2455"]
[BlackElo "2358"]
[PlyCount "101"]
[EventDate "2012.03.27"]
[EventType "team-swiss"]
[EventRounds "9"]
[EventCountry "SLO"]
[SourceTitle "CBM 147 Extra"]
[Source "ChessBase"]
[SourceDate "2012.04.24"]
[SourceVersion "1"]
[SourceVersionDate "2012.04.24"]
[SourceQuality "1"]
[WhiteTeam "Russia (Seniors)"]
[BlackTeam "Germany (Seniors)"]
[WhiteTeamCountry "RUS"]
[BlackTeamCountry "GER"]

1. d4 Nf6 2. c4 g6 3. Nc3 c5 4. d5 Bg7 5. e4 d6 6. f3 0-0 7. Bg5 e6 8. Qd2 exd5 9. Nxd5 Be6 10. h4 Bxd5 11. cxd5 Re8 12. h5 Nbd7 13. hxg6 hxg6 14. Bb5 a6 15. Bxd7 Qxd7 16. Ne2 b5 17. 0-0-0 Nxe4 18. fxe4 Rxe4 19. Nc3 Rd4 20. Qf2 Qg4 21. Qh4 Qxh4 22. Rxh4 f6 23. Rhxd4 cxd4 24. Ne2 Rc8+ 25. Kb1 fxg5 26. Nxd4 Bxd4 27. Rxd4 Rc5 28. b4 Rc3 29. Re4 Rd3 30. Re6 Rxd5 31. Rxg6+ Kf7 32. Rh6 Ke7 33. g3 Rd3 34. Kc2 Rd4 35. a3 Kd7 36. Rh7+ Ke6 37. Ra7 Rg4 38. Rxa6 Rxg3 39. a4 bxa4 40. Rxa4 Kd5 41. Ra6 g4 42. b5 Rg2+ 43. Kc3 Rg1 44. b6 g3 45. b7 Rb1 46. Ra8 Rxb7 47. Rg8 Ra7 48. Kb4 Ke4 49. Rxg3 Rc7 50. Rg4+ Kf5 51. Rh4 1/2-1/2

[Event "EU-chT Seniors"]
[Site "Rogaska Slatina"]
[Date "2012.03.31"]
[Round "5.4"]
[White "Strutinskaya, Galina N"]
[Black "Uhlmann, Wolfgang"]
[Result "1-0"]
[WhiteElo "2273"]
[BlackElo "2358"]
[PlyCount "47"]
[EventDate "2012.03.27"]
[EventType "team-swiss"]
[EventRounds "9"]
[EventCountry "SLO"]
[SourceTitle "CBM 147 Extra"]
[Source "ChessBase"]
[SourceDate "2012.04.24"]
[SourceVersion "1"]
[SourceVersionDate "2012.04.24"]
[SourceQuality "1"]
[WhiteTeam "Russia (Seniors) II"]
[BlackTeam "Germany (Seniors)"]
[WhiteTeamCountry "RUS"]
[BlackTeamCountry "GER"]

1. d4 Nf6 2. c4 g6 3. Nf3 c5 4. Nc3 cxd4 5. Nxd4 Nc6 6. e4 d6 7. Be2 Bg7 8. Be3 0-0 9. 0-0 a6 10. Rc1 Bd7 11. Nc2 Rb8 12. f3 Qa5 13. a3 Rfc8 14. Rf2 Ne5 15. Qf1 Qc7 16. Nb4 Nxc4 17. Ncd5 Nxd5 18. Nxd5 Nxe3 19. Rxc7 Rxc7 20. Nxe3 Bd4 21. Nd5 Rc5 22. Qd1 Bxf2+ 23. Kxf2 Kf8 24. Qd2 1-0

[Event "Dresden Uhlmann Jubilee"]
[Site "Dresden"]
[Date "2012.03.25"]
[Round "3"]
[White "Uhlmann, Wolfgang"]
[Black "Huebner, Robert"]
[Result "0-1"]
[WhiteElo "2358"]
[BlackElo "2583"]
[PlyCount "112"]
[EventDate "2012.03.25"]
[EventType "tourn (rapid)"]
[EventRounds "3"]
[EventCountry "GER"]
[EventCategory "9"]
[SourceTitle "CBM 147 Extra"]
[Source "ChessBase"]
[SourceDate "2012.04.24"]
[SourceVersion "1"]
[SourceVersionDate "2012.04.24"]
[SourceQuality "1"]

1. c4 Nf6 2. Nc3 e5 3. Nf3 Nc6 4. g3 Nd4 5. Bg2 Nxf3+ 6. Bxf3 c6 7. d4 d6 8. Bg2 Qb6 9. d5 c5 10. 0-0 Be7 11. a3 0-0 12. Rb1 Bd7 13. h3 Qc7 14. f4 exf4 15. gxf4 Ne8 16. e4 f5 17. e5 dxe5 18. fxe5 Qxe5 19. Re1 Qd6 20. Qf3 Bh4 21. Bf4 Qg6 22. Re2 Nd6 23. b3 Rae8 24. Rf1 Rxe2 25. Qxe2 Re8 26. Qd3 Ne4 27. b4 Bf6 28. Ne2 Be7 29. b5 Bd6 30. Re1 Qf6 31. Rf1 Bxf4 32. Nxf4 Qe5 33. h4 b6 34. a4 g6 35. a5 bxa5 36. Qe3 Qe7 37. Qe1 Nd6 38. Qxe7 Rxe7 39. Nd3 Nxc4 40. Nxc5 Bxb5 41. Rd1 Nd6 42. Ne6 a4 43. Ra1 Kf7 44. Nd8+ Kf6 45. Nc6 Rd7 46. Kf2 Ne4+ 47. Ke3 Rxd5 48. Nxa7 Bd7 49. Rb1 Ra5 50. Rb6+ Ke5 51. Nc6+ Bxc6 52. Rxc6 a3 53. Rc1 a2 54. Ra1 Ra3+ 55. Ke2 Kf4 56. Kd1 Kg3 0-1

[Event "MVP-ch Seniors op 11th"]
[Site "Binz"]
[Date "2011.12.05"]
[Round "6.2"]
[White "Pape, Manfred"]
[Black "Uhlmann, Wolfgang"]
[Result "1/2-1/2"]
[WhiteElo "2063"]
[BlackElo "2275"]
[PlyCount "146"]
[EventDate "2011.11.30"]
[EventType "swiss"]
[EventRounds "9"]
[EventCountry "GER"]
[SourceTitle "EXT 2013"]
[Source "ChessBase"]
[SourceDate "2012.11.22"]
[SourceVersion "1"]
[SourceVersionDate "2012.11.22"]
[SourceQuality "1"]

1. d4 Nf6 2. c4 g6 3. Nc3 Bg7 4. g3 c5 5. Nf3 b6 6. Bg2 Bb7 7. d5 0-0 8. 0-0 d6 9. Bd2 e6 10. e4 exd5 11. exd5 Nbd7 12. Bf4 Qb8 13. Re1 a6 14. a4 Qc7 15. Qd2 Rfe8 16. Bh6 Bh8 17. h3 Rxe1+ 18. Rxe1 Re8 19. b3 Bc8 20. g4 Qd8 21. Bf4 Rxe1+ 22. Qxe1 Ne8 23. Qe3 Bg7 24. Ne4 Ndf6 25. Bg5 Qd7 26. Ng3 Kf8 27. Nd2 Qe7 28. Qxe7+ Kxe7 29. Nge4 Kd7 30. Nxf6+ Nxf6 31. Ne4 Ne8 32. Kf1 Kc7 33. f3 Be5 34. Ke2 f5 35. Nf2 b5 36. axb5 axb5 37. Kd3 Nf6 38. f4 Bd4 39. Bxf6 Bxf6 40. g5 Bb2 41. Kd2 bxc4 42. bxc4 Kb6 43. Nd1 Bd4 44. Nc3 Bd7 45. Bf1 Ka5 46. Nb5 Bxb5 47. cxb5 Bg1 48. Bc4 Bd4 49. Ke2 Bg7 50. Kd3 Bf8 51. Kc3 Kb6 52. Kd3 Be7 53. Kc3 Ka5 54. Kb3 Bd8 55. Ka3 Kb6 56. Kb3 Ka5 57. Ka3 Be7 58. Kb3 Bf8 59. Kc2 Bg7 60. Kd3 Bb2 61. Kc2 Ba3 62. Kd1 Bb4 63. Ke2 Ka4 64. b6 Ba5 65. b7 Bc7 66. h4 Ka5 67. h5 Kb6 68. hxg6 hxg6 69. Kd3 Kxb7 70. Bb5 Bb6 71. Kc4 Ba5 72. Be8 Bd2 73. Bxg6 Bxf4 1/2-1/2

[Event "MVP-ch Seniors op 11th"]
[Site "Binz"]
[Date "2011.12.02"]
[Round "3.1"]
[White "Uhlmann, Wolfgang"]
[Black "Kahn, Peter"]
[Result "1/2-1/2"]
[WhiteElo "2275"]
[BlackElo "1982"]
[PlyCount "104"]
[EventDate "2011.11.30"]
[EventType "swiss"]
[EventRounds "9"]
[EventCountry "GER"]
[SourceTitle "EXT 2013"]
[Source "ChessBase"]
[SourceDate "2012.11.22"]
[SourceVersion "1"]
[SourceVersionDate "2012.11.22"]
[SourceQuality "1"]

1. c4 c6 2. d4 d5 3. Nf3 Nf6 4. Nc3 e6 5. e3 Nbd7 6. Bd3 dxc4 7. Bxc4 b5 8. Bd3 a6 9. 0-0 Bb7 10. a4 b4 11. Ne4 c5 12. Nxf6+ Nxf6 13. Qe2 Be7 14. Rd1 0-0 15. dxc5 Qc7 16. b3 Qxc5 17. Bb2 Rfd8 18. Ne5 Qa7 19. Rac1 Rac8 20. Nc4 Bd5 21. a5 Qb7 22. f3 Bxc4 23. Bxc4 Rxd1+ 24. Rxd1 Rd8 25. Bd4 Qd7 26. Ra1 Nd5 27. Bxa6 Qd6 28. Bc4 e5 29. Bxd5 exd4 30. e4 Qe5 31. Qc4 Bd6 32. g3 Qg5 33. Qe2 Rc8 34. a6 Bc5 35. Kg2 Ba7 36. Bc4 h5 37. f4 Qg6 38. Ra5 Rc5 39. Ra4 Qb6 40. Ra1 h4 41. Qf3 hxg3 42. hxg3 Rc6 43. e5 g6 44. Qd5 Rc7 45. Re1 Kg7 46. e6 d3 47. exf7 Qf2+ 48. Kh3 Qxe1 49. f8Q+ Kxf8 50. Qd8+ Kg7 51. Qxc7+ Kh6 52. Qe5 Qh1+ 1/2-1/2

[Event "Bundesliga 1112"]
[Site "Germany"]
[Date "2011.11.20"]
[Round "5.7"]
[White "Uhlmann, Wolfgang"]
[Black "Sebastian, Dirk"]
[Result "1/2-1/2"]
[WhiteElo "2379"]
[BlackElo "2446"]
[PlyCount "44"]
[EventDate "2011.10.14"]
[EventType "team-tourn"]
[EventRounds "15"]
[EventCountry "GER"]
[SourceTitle "CBM 146"]
[Source "ChessBase"]
[SourceDate "2012.01.18"]
[SourceVersion "1"]
[SourceVersionDate "2012.01.18"]
[SourceQuality "1"]
[WhiteTeam "Dresden"]
[BlackTeam "Hamburger SK"]
[WhiteTeamCountry "GER"]
[BlackTeamCountry "GER"]

1. c4 e5 2. Nc3 Nc6 3. Nf3 g6 4. e3 Bg7 5. d4 d6 6. Be2 exd4 7. exd4 Nge7 8. d5 Ne5 9. Nd4 Nf5 10. Nxf5 Bxf5 11. 0-0 0-0 12. Be3 Re8 13. Qd2 Ng4 14. Bxg4 Bxg4 15. Bd4 Bd7 16. Rfe1 Qh4 17. Bxg7 Kxg7 18. f4 f5 19. b4 Qf6 20. g3 h6 21. h4 Kf7 22. Rad1 b6 1/2-1/2